000
00240nam a2200097Ia 4500
008
170619s9999 xx 000 0 und d
100
_a
Kosow- Irving L.
245
0
_a
Electrical Machinery and Transforms
260
_b
New Delhi: PHI
260
_c
2003
546
_a
ENGLISH
999
_c
16659
_d
16659